Представление документа в формате RUSMARC

ПолеНазваниеЗначение
  Тип записи a
  Библиографический уровень m
001 Контрольный номер eec6c083e5d1421888ef1807bb0c6c18
005 Дата корректировки 20260601094938.2
010 Индекс ISBN __
a ISBN 978-5-0063-0881-7
9 Тираж 2000 экз.
b Уточнения в пер.
d Цена 625-78
100 Данные общей обработки __
a Данные общей обработки 20260528d2026 d y0rusy028902 ca
101 Язык документа 0_
a Язык текста rus
102 Страна публикации __
a Страна публикации RU
105 Кодированные данные (монография) __
a Кодированные данные (монография) a z 000ac
181 Поле кодированных данных: вид содержания _0
a Код вида содержания (ISBD) i
182 Поле кодированных данных: тип средства _0
a Код типа средства (ISBD) n
200 Заглавие и сведения об ответственности 1_
a Заглавие Дорогой синьор П.
f Первые сведения об ответственности Аличе Келлер
g Последующие сведения об ответственности перевод Елены Молозевой
g Последующие сведения об ответственности иллюстрации Вероники Труттеро
203 Вид содержания и тип средства __
a Вид содержания Текст
c Тип средства непосредственный
210 Выходные данные 1_
a Место издания Москва
c Издательство Альпина.дети
c Издательство Альпина Паблишер
d Дата издания 2026
215 Физическое описание __
a Объем 90, [3] с.
d Формат 20 см
c Иллюстрации/тип воспроизводства ил.
330 Аннотация __
a Аннотация Мирное существование двух подруг, Эльвиры и Кончетты, нарушает поселившийся на чердаке незваный гость. Сначала оттуда доносятся подозрительные звуки, затем из агентства "Дома и чердаки" приходит письмо, адресованное синьору П.: без сомнения, у них поселился призрак! Эльвира и Кончетта решают действовать... Ироничная и причудливая история о дружбе, путешествиях и открытиях. "Дорогой синьор П." - это и приключение, которое вас рассмешит, и размышление о жизни и странствиях, которые могут ее изменить. Достаточно отправиться в путь.
333 Примечание о целевом назначении __
a Примечание о целевом назначении 0+
454 Оригинал _0
1 2001
a Caro signor F.
1 700 1
a Keller
b A.
g Alice
606 Тематические рубрики __
2 Код системы nlr_sh
a Основная рубрика Литература Европы (произведения)
606 Тематические рубрики __
2 Код системы nlr_sh
a Основная рубрика Художественная литература
y Географическая подрубрика Италия
610 Ключевые слова 0_
a Ключевые слова итальянская литература
610 Ключевые слова 0_
a Ключевые слова иностранная литература
610 Ключевые слова 0_
a Ключевые слова детская литература
610 Ключевые слова 0_
a Ключевые слова поучительные истории
610 Ключевые слова 0_
a Ключевые слова тема дружбы
610 Ключевые слова 0_
a Ключевые слова детская дружба
610 Ключевые слова 0_
a Ключевые слова детская проза
610 Ключевые слова 0_
a Ключевые слова тема девочек
610 Ключевые слова 0_
a Ключевые слова приключения для детей
686 Индексы других классификаций __
2 Код системы rubbks
a Классификационный индекс ст84(4Ита)-4
700 Автор _1
a Фамилия Келлер
b Имя А.
g Полное личное имя Аличе
4 Код отношения 070
702 Вторичная интеллектуальная ответственность _1
a Фамилия Молозева
b Имя Е.
g Полное личное имя Елена
4 Код отношения 730
702 Вторичная интеллектуальная ответственность _1
a Фамилия Труттеро
b Имя В.
g Полное личное имя Вероника
4 Код отношения 440
801 Источник записи _0
a Страна RU
b Организация Муниципальное бюджетное учреждение культуры "Централизованная библиотечная система" г. Сургут (Центральная городская библиотека им. А. С. Пушкина)
g Правила каталогизации PSBO
c Дата составления 20260528
801 Источник записи _1
a Страна RU
b Организация Муниципальное бюджетное учреждение культуры "Централизованная библиотечная система" г. Сургут (Центральная городская библиотека им. А. С. Пушкина)
g Правила каталогизации PSBO
c Дата составления 20260528
852 Данные о местонахождении __
i Авторский знак К 34
j Шифр хранения ст84(4Ита)-4
900 Макрообъекты __
a Макрообъекты Дорогой синьор П. Келлер, А., 2026
901 Тип документа __
t Тип документа m
a Ответственный ООФиК/Волкова
901 Тип документа __
a Ответственный 6 партия
903 Характеристики (МАРС) __
c Наименование библиотеки (МАРС) Муниципальное бюджетное учреждение культуры "Централизованная библиотечная система" г. Сургут (Центральная городская библиотека им. А. С. Пушкина)
a Дата передачи 20260528
969 Тип издания __
a Тип издания издание для детей
a Тип издания Ф 26
990 Данные о заказе (DOS) __
j Количество экземпляров (DOS) 5
t N записи в КСУ для И/У (DOS) 202606